LEADER 02927nam 2200625 a 450 001 9910463632903321 005 20200520144314.0 010 $a0-8232-4823-2 035 $a(CKB)3240000000064846 035 $a(EBL)3239577 035 $a(OCoLC)742517401 035 $a(SSID)ssj0000539713 035 $a(PQKBManifestationID)11357056 035 $a(PQKBTitleCode)TC0000539713 035 $a(PQKBWorkID)10579770 035 $a(PQKB)10466427 035 $a(MiAaPQ)EBC3239577 035 $a(MdBmJHUP)muse15048 035 $a(Au-PeEL)EBL3239577 035 $a(CaPaEBR)ebr10481008 035 $a(EXLCZ)993240000000064846 100 $a20091124d2011 uy 0 101 0 $aeng 135 $aur|n|---||||| 181 $ctxt 182 $cc 183 $acr 200 10$aOn the other$b[electronic resource] $ea Muslim view /$fRusmir Mahmutc?ehajic? ; translated by Desmond Maurer 205 $a1st ed. 210 $aNew York, N.Y. $cFordham University Press$d2011 215 $a1 online resource (199 p.) 225 1 $aAbrahamic dialogues 300 $aDescription based upon print version of record. 311 $a0-8232-3111-9 320 $aIncludes bibliographical references. 327 $aI, thou, and he -- The one and the many -- The stranger -- Self-knowledge -- The sense-of-self and the debt -- Being-at-peace -- Faith -- Beauty -- The hour -- Humanity -- The other and the different -- Intolerance I -- Intolerance II -- The Muslim -- The universality of prophecy -- The nation of the just -- Dialogue -- Finding fault with others and the self -- Free will and the covenant -- Afterword: the text and its power. 330 $aA timely book by a leading European exponent of Muslim intellectual tradition, On the Other: A Muslim View explores of the foundations of Islamic thought on human nature, our place in the cosmos, and our proper relationship to the divine, based on peace, knowledge, love, beauty, humility, and respect for and acceptance of others and difference. Demonstrating how poor cultural translation of core terms has contributed to a distorted picture of Islam, the author provides systematic explication of the most important concepts and beliefs of the Muslim tradition, as well as interpretation of the sy 410 0$aAbrahamic dialogues series. 606 $aReligious tolerance$xIslam 606 $aViolence$xReligious aspects$xIslam 606 $aIslam$xRelations$xChristianity 608 $aElectronic books. 615 0$aReligious tolerance$xIslam. 615 0$aViolence$xReligious aspects$xIslam. 615 0$aIslam$xRelations$xChristianity. 676 $a297.2/8 700 $aMahmutc?ehajic?$b Rusmir$f1948-$0882581 701 $aMaurer$b Desmond$01032408 801 0$bMiAaPQ 801 1$bMiAaPQ 801 2$bMiAaPQ 906 $aBOOK 912 $a9910463632903321 996 $aOn the other$92450252 997 $aUNINA LEADER 06705nam 2201561 a 450 001 9910781483203321 005 20230126202551.0 010 $a1-283-16386-1 010 $a9786613163868 010 $a1-4008-4043-0 024 7 $a10.1515/9781400840434 035 $a(CKB)2550000000040250 035 $a(EBL)729959 035 $a(OCoLC)744616945 035 $a(SSID)ssj0000524740 035 $a(PQKBManifestationID)11318589 035 $a(PQKBTitleCode)TC0000524740 035 $a(PQKBWorkID)10488181 035 $a(PQKB)11728359 035 $a(MiAaPQ)EBC729959 035 $a(StDuBDS)EDZ0000515056 035 $a(MdBmJHUP)muse36986 035 $a(DE-B1597)447255 035 $a(OCoLC)979579309 035 $a(DE-B1597)9781400840434 035 $a(Au-PeEL)EBL729959 035 $a(CaPaEBR)ebr10481983 035 $a(CaONFJC)MIL316386 035 $a(dli)HEB32504 035 $a(MiU) MIU01100000000000000000105 035 $a(EXLCZ)992550000000040250 100 $a20110325d2011 uy 0 101 0 $aeng 135 $aur|n|---||||| 181 $ctxt 182 $cc 183 $acr 200 10$aPeasants under siege$b[electronic resource] $ethe collectivization of Romanian agriculture, 1949-1962 /$fGail Kligman and Katherine Verdery 205 $aCourse Book 210 $aPrinceton, N.J. $cPrinceton University Press$d2011 215 $a1 online resource (533 p.) 300 $aDescription based upon print version of record. 311 $a0-691-14972-0 311 $a0-691-14973-9 320 $aIncludes bibliographical references and index. 327 $aLaying the groundwork -- The Soviet blueprint -- The village community and the politics of collectivization, 1945-62 -- Creating party cadres -- Pedagogies of power : technologies of rural transformation -- Pedagogies of knowledge production and contestation -- Pedagogies of persuasion -- Fomenting class war -- Outcomes -- The collectives are formed -- The restratification and bureaucratization of rural life -- Conclusion -- Appendix I. Project and participants -- Appendix II. Methodology -- Appendix III. List of interviewers and respondents. 330 $aIn 1949, Romania's fledgling communist regime unleashed a radical and brutal campaign to collectivize agriculture in this largely agrarian country, following the Soviet model. Peasants under Siege provides the first comprehensive look at the far-reaching social engineering process that ensued. Gail Kligman and Katherine Verdery examine how collectivization assaulted the very foundations of rural life, transforming village communities that were organized around kinship and status hierarchies into segments of large bureaucratic organizations, forged by the language of "class warfare" yet saturated with vindictive personal struggles. Collectivization not only overturned property relations, the authors argue, but was crucial in creating the Party-state that emerged, its mechanisms of rule, and the "new persons" that were its subjects. The book explores how ill-prepared cadres, themselves unconvinced of collectivization's promises, implemented technologies and pedagogies imported from the Soviet Union through actions that contributed to the excessive use of force, which Party leaders were often unable to control. In addition, the authors show how local responses to the Party's initiatives compelled the regime to modify its plans and negotiate outcomes. Drawing on archival documents, oral histories, and ethnographic data, Peasants under Siege sheds new light on collectivization in the Soviet era and on the complex tensions underlying and constraining political authority. 517 3 $aCollectivization of Romanian agriculture, 1949-1962 606 $aCollectivization of agriculture$zRomania$xHistory$y20th century 606 $aAgriculture and state$zRomania$xHistory$y20th century 607 $aRomania$xPolitics and government$y1944-1989 610 $aCommunism. 610 $aCommunist Party. 610 $aEastern Europe. 610 $aMarxist?eninist principles. 610 $aParty cadres. 610 $aParty-state. 610 $aRomania. 610 $aRomanian villagers. 610 $aSecuritate cadres. 610 $aSoviet Union. 610 $aSoviet blueprint. 610 $aagrarian population. 610 $aagricultural collectivization. 610 $aassociations. 610 $abureaucratic apparatus. 610 $abureaucratization. 610 $acategories. 610 $achiaburs. 610 $aclass equality. 610 $aclass stratification. 610 $aclass war. 610 $aclass warfare. 610 $acollective farms. 610 $acollectives. 610 $acollectivization. 610 $acolonization. 610 $acommunist regime. 610 $aconsent. 610 $adenunciation. 610 $aecological adaptation. 610 $aeconomic adaptation. 610 $aethnic composition. 610 $aethnonational groups. 610 $agender roles. 610 $agenerational expectations. 610 $aindustrial development. 610 $aindustrial facilities. 610 $ainterwar fascist movement. 610 $akinship. 610 $aland ownership. 610 $aland reform. 610 $alocal politics. 610 $amodern state-making. 610 $anew social order. 610 $anew socialist person. 610 $apersonalistic ties. 610 $apersonhood. 610 $apersuasion work. 610 $apetition writing. 610 $apolitical authority. 610 $apolitical insurgents. 610 $apropaganda. 610 $areligion. 610 $areligious composition. 610 $areplica regimes. 610 $arural life. 610 $asabotage. 610 $asocial conflict. 610 $asocial engineering. 610 $asocial mobility. 610 $asocial organization. 610 $asocial practices. 610 $asocial relations. 610 $asocial status. 610 $asocialist body politic. 610 $astatus inequality. 610 $auprisings. 610 $avillage life. 610 $avillage social organization. 610 $avillage status systems. 615 0$aCollectivization of agriculture$xHistory 615 0$aAgriculture and state$xHistory 676 $a338.1/849809045 700 $aKligman$b Gail$0513109 701 $aVerdery$b Katherine$0513110 801 0$bMiAaPQ 801 1$bMiAaPQ 801 2$bMiAaPQ 906 $aBOOK 912 $a9910781483203321 996 $aPeasants under siege$9761040 997 $aUNINA LEADER 00759nam a2200217 i 4500 001 991004360336907536 005 20250108110014.0 008 250108s1975 fr er 001 0 fre d 040 $aBibl. Dip.le Aggr. Studi Umanistici - Sez. Filosofia$bita$cSocioculturale Scs 041 0 $afre 082 04$a193$223 100 1 $aBoudot, Pierre$0159175 245 10$aNietzsche et les écrivains français de 1930 à 1960 /$cpar Pierre Boudot 260 $aParis :$bAubier-Montaigne,$cstampa 1975 300 $a309 p. ;$c18 cm 490 1 $a10/18 ;$v937 600 14$aNietzsche, Friedrich$xFortuna$zFrancia$y1930-1960 830 0$a10/18 ;$v937 912 $a991004360336907536 996 $aNietzsche et les écrivains français de 1930 a 1960$92917327 997 $aUNISALENTO